|
|
|
|
| LEADER |
04360nam a2200781 i 4500 |
| 001 |
000054119 |
| 003 |
CZ BrMZK |
| 005 |
20260203132906.0 |
| 007 |
ta |
| 008 |
010907s1995 xr f 100 0 cze |
| 020 |
|
|
|a 80-7042-422-2
|q (brožováno)
|
| 040 |
|
|
|a BOA001
|b cze
|e rda
|
| 041 |
1 |
|
|a cze
|a eng
|a ger
|b cze
|b eng
|b ger
|h cze
|
| 043 |
|
|
|a e-xr---
|a e-au---
|a e-pl---
|
| 045 |
|
|
|a x3x4
|
| 072 |
|
7 |
|a 323
|x Vnitropolitický vývoj, politický život
|2 Konspekt
|9 15
|
| 080 |
|
|
|a (=411.16)
|2 MRF
|
| 080 |
|
|
|a 323.28
|2 MRF
|
| 080 |
|
|
|a 323.12"1939/1945"
|2 MRF
|
| 080 |
|
|
|a 94(=411.16)
|2 MRF
|
| 080 |
|
|
|a 341.43(=411.16)
|2 MRF
|
| 080 |
|
|
|a 343.819
|2 MRF
|
| 080 |
|
|
|a (437.3)
|2 MRF
|
| 080 |
|
|
|a (436)
|2 MRF
|
| 080 |
|
|
|a (438)
|2 MRF
|
| 080 |
|
|
|a (062.534)
|2 MRF
|
| 111 |
2 |
|
|a Akce Nisko v historii "konečného řešení židovské otázky" k 55. výročí první hromadné deportace evropských Židů (konference)
|d (1994 :
|c Ostrava, Česko)
|7 mzk20261285177
|4 aut
|
| 245 |
1 |
0 |
|a Mezinárodní vědecká konference :
|b Akce Nisko v historii "konečného řešení židovské otázky" k 55. výročí první hromadné deportace evropských Židů : sborník referátů = Die internationale wissenschaftliche Konferenz : Die Aktion Nisko in der Gesamtgeschichte der "Endlösung der Judenfrage" die anläßlich des 55. Jahrestabes der ersten Massendeportation der europäischen Juden : Sammelband = International academic conference : The Case Nisko in the History of the "Final Solution of the Jewish Problem" in Commemoration of the 55th Anniversary of the First Deportation of Jews in Europe : proceedings
|
| 246 |
1 |
|
|i Název v tiráži:
|a Sborník referátů z mezinárodní vědecké konference Akce Nisko v historii "konečného řešení židovské otázky" k 55. výročí první hromadné deportace evropských Židů
|
| 246 |
3 |
1 |
|a Internationale wissenschaftliche Konferenz
|
| 246 |
3 |
1 |
|a International academic conference
|
| 246 |
3 |
0 |
|a Akce Nisko v historii "konečného řešení židovské otázky" k 55. výročí první hromadné deportace evropských Židů
|
| 246 |
3 |
0 |
|a Aktion Nisko in der Gesamtgeschichte der "Endlösung der Judenfrage" die anläßlich des 55. Jahrestabes der ersten Massendeportation der europäischen Juden
|
| 246 |
3 |
0 |
|a Case Nisko in the History of the "Final Solution of the Jewish Problem" in Commemoration of the 55th Anniversary of the First Deportation of Jews in Europe
|
| 246 |
1 |
4 |
|a Nisko 1939/1994
|
| 250 |
|
|
|a Vydání 1.
|
| 264 |
|
1 |
|a Ostrava :
|b Ostravská univerzita v nakladatelství Rondo,
|c 1995
|
| 300 |
|
|
|a 305 stran ;
|c 24 cm
|
| 336 |
|
|
|a text
|b txt
|2 rdacontent
|
| 337 |
|
|
|a bez média
|b n
|2 rdamedia
|
| 338 |
|
|
|a svazek
|b nc
|2 rdacarrier
|
| 546 |
|
|
|a Souběžný anglický a německý text, česká, anglická a německá resumé
|
| 610 |
2 |
7 |
|a Nisko (koncentrační tábor)
|7 kn20050620003
|2 czenas
|
| 648 |
|
7 |
|a 1939-1945
|7 ch460653
|2 czenas
|
| 650 |
0 |
7 |
|a Židé
|7 ph127782
|x perzekuce
|y 1939-1945
|2 czenas
|
| 650 |
0 |
7 |
|a holocaust (1939-1945)
|7 ph117203
|2 czenas
|
| 650 |
0 |
7 |
|a židovská otázka
|7 ph832267
|y 1939-1945
|2 czenas
|
| 650 |
0 |
7 |
|a deportace Židů
|7 ph198683
|z Česko
|y 1939-1940
|2 czenas
|
| 650 |
0 |
7 |
|a deportace Židů
|7 ph198683
|z Rakousko
|y 1939-1940
|2 czenas
|
| 650 |
0 |
7 |
|a pracovní tábory
|7 ph115874
|z Polsko
|y 1939-1940
|2 czenas
|
| 650 |
0 |
9 |
|a Jews
|x persecutions
|y 1939-1945
|2 eczenas
|
| 650 |
0 |
9 |
|a holocaust (1939-1945)
|2 eczenas
|
| 650 |
0 |
9 |
|a Jewish question
|y 1939-1945
|2 eczenas
|
| 650 |
0 |
9 |
|a deportations of Jews
|z Czechia
|y 1939-1945
|2 eczenas
|
| 650 |
0 |
9 |
|a deportations of Jews
|z Austria
|y 1939-1945
|2 eczenas
|
| 650 |
0 |
9 |
|a forced labour camps
|z Poland
|y 1939-1945
|2 eczenas
|
| 651 |
|
7 |
|a Nisko (Polsko)
|7 ge292803
|2 czenas
|
| 651 |
|
9 |
|a Nisko (Poland)
|2 eczenas
|
| 653 |
0 |
|
|a Akce Nisko (1939)
|
| 655 |
|
7 |
|a sborníky konferencí
|7 fd133333
|2 czenas
|
| 655 |
|
9 |
|a proceedings of conferences
|2 eczenas
|
| 910 |
|
|
|a BOA001
|b 2-1015.374
|b PK-0124.423
|b KPB-0001.597
|
| 920 |
|
|
|a 000057673
|
| 990 |
|
|
|a BK
|
| 991 |
|
|
|b 202602
|
| 996 |
7 |
|
|b 2610029737
|c 2-1015.374
|l MZK
|r Sklad / do 1 hodiny
|n 24
|p p.v.
|w 000054119
|u 000010
|a 1
|e BOA001
|j MZK50
|s A
|
| 996 |
6 |
|
|b 2610029738
|c 2-1015.374
|l MZK
|r Sklad / do 1 hodiny
|n 4
|p p.v.
|w 000054119
|u 000020
|a 1
|e BOA001
|j MZK50
|s P
|
| 996 |
7 |
|
|b 3119002324
|c PK-0124.423
|l MZK
|r Sklad / do 1 hodiny
|n 15
|p dar
|w 000054119
|u 000030
|a 1
|e BOA001
|j MZK50
|s A
|